MARC details
| 000 -LEADER |
| campo de control de longitud fija |
02106nam a2200469 i 4500 |
| 001 - NÚMERO DE CONTROL |
| campo de control |
192846 |
| 003 - IDENTIFICADOR DE NÚMERO DE CONTROL |
| campo de control |
SpMaBN |
| 005 - FECHA Y HORA DE LA ÚLTIMA TRANSACCIÓN |
| campo de control |
20250807063225.0 |
| 007 - CAMPO FIJO DE DESCRIPCIÓN FÍSICA--INFORMACIÓN GENERAL |
| campo de control de longitud fija |
ta |
| 008 - DATOS DE LONGITUD FIJA--INFORMACIÓN GENERAL |
| campo de control de longitud fija |
230606e2018 sp a | |||| 001 0dspa |
| 015 ## - NÚMERO DE BIBLIOGRAFÍA NACIONAL |
| Número de bibliografía nacional |
MON18 |
| 017 ## - NÚMERO DE COPYRIGHT O DE DEPÓSITO LEGAL |
| Número de copyright o de depósito legal |
M 2551-2018 |
| Agencia que asigna |
Oficina Depósito Legal Madrid |
| 020 ## - NÚMERO INTERNACIONAL ESTÁNDAR DEL LIBRO |
| Número Internacional Estándar del Libro |
978-84-451-3699-7 |
| 035 ## - NÚMERO DE CONTROL DEL SISTEMA |
| Número de control de sistema |
(OCoLC)1050767220 |
| 040 ## - FUENTE DE CATALOGACIÓN |
| Centro catalogador/agencia de origen |
SpMaBN |
| Lengua de catalogación |
spa |
| Centro/agencia transcriptor |
SpMaBN |
| Normas de descripción |
rdc |
| 080 ## - NÚMERO DE LA CLASIFICACIÓN DECIMAL UNIVERSAL |
| Número de la Clasificación Decimal Universal |
72 Rodríguez, Ventura (083.824) |
| 080 ## - NÚMERO DE LA CLASIFICACIÓN DECIMAL UNIVERSAL |
| Número de la Clasificación Decimal Universal |
72.012(083.824) |
| 245 00 - MENCIÓN DEL TÍTULO |
| Título |
Ventura Rodríguez, el poder del dibujo / |
| Mención de responsabilidad, etc. |
Javier Ortega Vidal, José Luis Sancho Gaspar, Francisco José Marín Perellón. |
| 264 ## - PRODUCCIÓN, PUBLICACIÓN, DISTRIBUCIÓN, FABRICACIÓN Y COPYRIGHT |
| Producción, publicación, distribución, fabricación y copyright |
[Madrid] : |
| Nombre del de productor, editor, distribuidor, fabricante |
Dirección General de Patrimonio Cultural, |
| Fecha de producción, publicación, distribución, fabricación o copyright |
[2018] |
| 300 ## - DESCRIPCIÓN FÍSICA |
| Extensión |
583 páginas : |
| Otras características físicas |
ilustraciones (color) ; |
| Dimensiones |
30 cm |
| 336 ## - TIPO DE CONTENIDO |
| Término de tipo de contenido |
Texto (visual) |
| Fuente |
isbdcontent |
| 337 ## - TIPO DE MEDIO |
| Nombre/término del tipo de medio |
sin mediación |
| Fuente |
isbdmedia |
| 338 ## - TIPO DE SOPORTE |
| Fuente |
rdacarrier |
| Nombre/término del tipo de soporte |
volumen |
| 500 ## - NOTA GENERAL |
| Nota general |
Índices |
| 500 ## - NOTA GENERAL |
| Nota general |
Cronología |
| 504 ## - NOTA DE BIBLIOGRAFÍA, ETC. |
| Nota de bibliografía, etc. |
Bibliografía: páginas 566-577 |
| 530 ## - NOTA DISPONIBLE DE FORMULARIO FÍSICO ADICIONAL |
| Nota de formato físico adicional disponible |
Disponible en formato digital |
| 585 ## - NOTA DE EXPOSICIONES |
| Nota de exposiciones |
Monografía publicada con ocasión de la exposición "Ventura Rodríguez, arquitecto de la Ilustración", celebrada en Madrid en 2017, recogiendo la mayor compilación de dibujos de Ventura Rodríguez conservados |
| 600 14 - PUNTO DE ACCESO ADICIONAL DE MATERIA--NOMBRE DE PERSONA |
| Nombre de persona |
Rodríguez, Ventura, |
| Fechas asociadas al nombre |
1717-1785 |
| Subdivisión de forma |
Exposiciones |
| 9 (RLIN) |
226618 |
| 650 #4 - PUNTO DE ACCESO ADICIONAL DE MATERIA--TÉRMINO DE MATERIA |
| Término de materia o nombre geográfico como elemento de entrada |
Dibujo de arquitectura- |
| Subdivisión de forma |
Exposiciones |
| 9 (RLIN) |
226619 |
| 655 #7 - TERMINO DE INDIZACIÓN--GENERO/FORMA |
| Datos o término principal de género/forma |
Catálogos de exposiciones |
| Fuente del término |
tgfbne |
| 9 (RLIN) |
193628 |
| 700 1# - ENTRADA AGREGADA--NOMBRE PERSONAL |
| Nombre de persona |
Rodríguez, Ventura, |
| Fechas asociadas al nombre |
1717-1785 |
| Término indicativo de función/relación |
Arquitecto |
| 9 (RLIN) |
98307 |
| 700 1# - ENTRADA AGREGADA--NOMBRE PERSONAL |
| Nombre de persona |
Ortega Vidal, Javier, |
| Fechas asociadas al nombre |
1952- |
| Término indicativo de función/relación |
Autor |
| 9 (RLIN) |
226620 |
| 700 1# - ENTRADA AGREGADA--NOMBRE PERSONAL |
| Nombre de persona |
Sancho, José Luis, |
| Fechas asociadas al nombre |
1962- |
| 9 (RLIN) |
103027 |
| Término indicativo de función/relación |
Autor |
| 700 1# - ENTRADA AGREGADA--NOMBRE PERSONAL |
| Nombre de persona |
Marín Perellón, Francisco José, |
| Fechas asociadas al nombre |
1963- |
| Término indicativo de función/relación |
Autor |
| 9 (RLIN) |
76807 |
| 710 1# - ENTRADA AGREGADA--NOMBRE DE ENTIDAD CORPORATIVA |
| Nombre de entidad corporativa o nombre de jurisdicción como elemento de entrada |
Madrid (Comunidad Autónoma). |
| Unidad subordinada |
Dirección General de Patrimonio Cultural |
| Término indicativo de función/relación |
Editor |
| 9 (RLIN) |
5616 |
| 852 ## - LOCALIZACIÓN |
| Ubicación |
ES-MaACL |
| Sublocalización o colección |
R. 152779 |
| Ubicación en estantería |
Depósito J |
| Donativo/Legado |
Donación Comunidad de Madrid |
| Número de control de estantería |
N-8479 |
| Encuadernación |
Cartoné |
| itemnumber |
200148 |
| 856 4# - LOCALIZACIÓN Y ACCESO ELECTRÓNICOS |
| Identificador Uniforme de Recursos |
<a href="https://gestiona3.madrid.org/bvirtual/BVCM019632.pdf">https://gestiona3.madrid.org/bvirtual/BVCM019632.pdf</a> |
| Texto de enlace |
Versión en línea |
| Nota pública |
(PublicaMadrid) |
| 942 ## - ELEMENTOS DE ENTRADA SECUNDARIOS (KOHA) |
| Suprimir en OPAC |
No |
| Tipo de ítem Koha |
Libro impreso |